India: a wounded civilization /

Xehetasun bibliografikoak
Egile nagusia: Naipaul, V. S. (Vidiadhar Surajprasad), 1932-
Formatua: Liburua
Hizkuntza:English
Argitaratua: London : Picador, c1977.
Edizioa:First edition.
Saila:Borzoi book.
Gaiak:
Classic Catalogue: View this record in Classic Catalogue
LEADER 00950nam a2200289 a 4500
001 0017263
003 BD-DhAAL
008 910608s2001 nyu 000 0 eng d
010 |a 76047947 
020 |a 9780330487603 
020 |a 0330487604 
040 |a DLC  |c AKD  |d m.c.  |d ORE  |d BD-DhAAL 
082 0 0 |a 954  |2 21 
100 1 |a Naipaul, V. S.  |q (Vidiadhar Surajprasad),  |d 1932-  |9 5736 
245 1 0 |a India: a wounded civilization /  |c V.S. Naipaul. 
250 |a First edition. 
260 |a London :  |b Picador,  |c c1977. 
300 |a xi, 161 p. ;  |c 22 cm 
490 1 |a A Borzoi Book. 
526 |a ENH 
541 1 |e 00017263 
651 0 |a India. 
830 0 |a Borzoi book.  |9 58374 
852 4 |a Ayesha Abed Library   |c General Stacks 
942 |2 ddc  |c BK 
999 |c 3143  |d 3143 
952 |0 0  |1 4  |2 ddc  |4 0  |6 954_000000000000000_NAI  |7 0  |9 2848  |a BRACUL  |b BRACUL  |c GEN  |d 2009-08-30  |e Words N' Pages  |g 465.00  |l 0  |o 954 NAI  |p 3010017263  |r 2009-08-30  |t 1  |w 2009-08-30  |y BK  |x Koha Inventory 2020